| 000 | 00762nam a2200217Ia 4500 | ||
|---|---|---|---|
| 003 | GCL | ||
| 008 | 140319s9999 xx 000 0 ara d | ||
| 020 | _a4017307977 | ||
| 040 |
_aGCL / _cGCL |
||
| 082 | 0 | 4 |
_a005.3 _bب ف |
| 100 | 1 | _aخالد العامرى | |
| 245 | 1 | 0 |
_aفيجوال بيسك 6 في زمن قياسي / _cخالد العامرى |
| 700 | 1 | _aستيف براور | |
| 260 |
_aالقاهرة : _bدار الفاروق للنشر والتوزيع ، _c1999 |
||
| 300 |
_a648 ص ؛ _c24 سم |
||
| 650 | 0 | 4 | _aالحاسبات الالكترونية |
| 650 | 0 | 4 | _aالحاسبات الالكترونية - برامج |
| 650 | 0 | 4 | _aالحاسبات الالكترونية - لغات |
| 650 | 0 | 4 | _aفيجوال بيسك 6 |
| 942 |
_2ddc _cBK |
||
| 999 |
_c39408 _d39408 |
||